世帯あたり自動車保有台数 都道府県別ランキング - Statistics

General Stats
  • This quiz has been taken 52 times
  • The average score is 11 of 20
Answer Stats
順位 世帯あたり保有台数 Answer % Correct
下位 1 0.416 東京都
98%
下位 2 0.623 大阪府
95%
下位 3 0.678 神奈川県
93%
下位 4 0.796 京都府
84%
下位 6 0.933 埼玉県
84%
下位 7 0.940 千葉県
82%
下位 5 0.890 兵庫県
77%
上位 1 1.698 福井県
61%
上位 2 1.640 富山県
61%
下位 9 1.045 福岡県
55%
上位 3 1.635 山形県
45%
下位 8 0.993 北海道
45%
下位 10 1.072 奈良県
36%
上位 4 1.585 群馬県
34%
上位 6 1.549 長野県
34%
上位 5 1.563 栃木県
32%
上位 8 1.530 岐阜県
30%
上位 7 1.536 茨城県
25%
上位 10 1.513 新潟県
25%
上位 9 1.528 福島県
16%
No matching quizzes found
Score Distribution
Percent of People with Each Score
Percentile by Number Answered
Your Score History
You have not taken this quiz